=LDR 00000nam 2200000 4500 =001 INLIS000000000013149 =005 20130612104603 =008 ***********************************Ind** =035 ##$$a0010-061300000013149 =041 ##$$a Ind =082 ##$$a 2x7.301 =090 ##$$a 2x7.301, Zuh f =100 ##$$a Zuhairini =245 ##$$a Filsafat pendidikan islam, Dra. Zuhairini =260 ##$$a 2004 $b Jakarta =300 ##$$a 203 hlm, 21 cm =650 ##$$a Pendidikan Islam - Filsafat =850 ##$$a NBPNMAT =990 ##$$a 90915/BPAP-NTB/2014